00410 2200169 4500245006000000020001800060250001100078100002300089700000900112650001400121005001900135260002900154041001400183084000800197300002600205336000900231 a99 % Buka - bukaan Soal CintacIhsan SatyanugrahahText a979-104-421-x aCet. 1 aIhsan Satyanugraha aNoni aPsikologi a20230120094026 aJakartabVisimediac2009 aIndonesia a152 ax, 118 hlm. :c20 cm. atext